000 00541nam a2200145 i 4500
001 48983
003 ES-MaACL
007 t|
008 030703s1895 fr ||||1| fre d
100 1 _aCornil, Georges.
_940635
245 1 0 _aDu lonage de services su contrat de travail
_b: etude sur les rapports juridiques entre les patrons et les onorieres employés dans l'industrie /
_cpar Georges Cornil.
260 _aParis :
_b[s.n.],
_c1895 (
_eChatillon sur Seine :
_fPichat et Pepin)
300 _aXI, 408 p. ;
_c22 cm.
852 _aES-MaACL
_jB-2332
999 _c48983
_d48983